书目信息 |
| 题名: |
建筑艺术赏析
|
|
| 作者: | 邱德华 , 董志国 , 胡莹 编著 | |
| 分册: | ||
| 出版信息: | 苏州 苏州大学出版社 2009.12 |
|
| 页数: | 241页 | |
| 开本: | 29cm | |
| 丛书名: | 大学通识课系列教材 | |
| 单 册: | ||
| 中图分类: | TU-86 | |
| 科图分类: | ||
| 主题词: | 建筑艺术--jian zhu yi shu--鉴赏--高等学校--世界--教材 | |
| 电子资源: | ||
| ISBN: | 978-7-81137-419-3 | |
| 000 | 01037nam 2200289 450 | |
| 001 | 012010662718 | |
| 005 | 20100406182251.71 | |
| 010 | @a978-7-81137-419-3@dCNY29.00 | |
| 100 | @a20100406d2009 em y0chiy0120 ea | |
| 101 | 0 | @achi |
| 102 | @aCN@b320000 | |
| 105 | @aa a 000yy | |
| 106 | @ar | |
| 200 | 1 | @a建筑艺术赏析@Ajian zhu yi shu shang xi@f邱德华, 董志国, 胡莹编著@Fqiu de hua,dong zhi guo,hu ying bian zhu |
| 210 | @a苏州@c苏州大学出版社@d2009.12 | |
| 215 | @a241页@c图@d29cm | |
| 225 | 2 | @a大学通识课系列教材@Ada xue tong shi ke xi lie jiao cai |
| 320 | @a有书目 (第240-241页) | |
| 330 | @a本书主要内容包括:建筑与建筑艺术,建筑艺术的内涵与审美,外国建筑艺术,中国建筑艺术,中西建筑艺术比较等。 | |
| 410 | 0 | @12001 @a大学通识课系列教材 |
| 606 | 0 | @a建筑艺术@Ajian zhu yi shu@x鉴赏@x高等学校@y世界@j教材 |
| 690 | @aTU-86@v4 | |
| 701 | 0 | @a邱德华@Aqiu de hua@4编著 |
| 701 | 0 | @a董志国@Adong zhi guo@4编著 |
| 701 | 0 | @a胡莹@Ahu ying@4编著 |
| 801 | 0 | @aCN@bQSSK@c20100406 |
| 905 | @b774956-60@dTU-86@eQ712@f5 | |
| 建筑艺术赏析/邱德华, 董志国, 胡莹编著.-苏州:苏州大学出版社,2009.12 |
| 241页:图;29cm.-(大学通识课系列教材) |
| ISBN 978-7-81137-419-3:CNY29.00 |
| 本书主要内容包括:建筑与建筑艺术,建筑艺术的内涵与审美,外国建筑艺术,中国建筑艺术,中西建筑艺术比较等。 |
| ● |
| 相关链接 |
|
|
|
正题名:建筑艺术赏析
索取号:TU-86/Q712
 
预约/预借
| 序号 | 登录号 | 条形码 | 馆藏地/架位号 | 状态 | 备注 |
| 1 | 774956 | 207749560 | 建筑库101/101建筑库 19排3列4层/ [索取号:TU-86/Q712] | 在馆 | |
| 2 | 774957 | 207749579 | 建筑库101/101建筑库 19排3列4层/ [索取号:TU-86/Q712] | 在馆 | |
| 3 | 774958 | 207749588 | 建筑与城市规划学院资料室/101建筑库 110排7列3层/ [索取号:TU-86/Q712] | 在馆 | |
| 4 | 774959 | 207749597 | 建筑库101/101建筑库 19排3列4层/ [索取号:TU-86/Q712] | 在馆 | |
| 5 | 774960 | 207749604 | 建筑库101/101建筑库 19排3列4层/ [索取号:TU-86/Q712] | 在馆 |